| 000 | 00348nam a2200145Ia 4500 | ||
|---|---|---|---|
| 003 | LK-CoDNM | ||
| 008 | 010623t1969 xxu||||| |||| 00| 1 eng d | ||
| 040 |
_aLK-CoDNM _dLK-CoDNM _eLK-CoDNM |
||
| 041 | _aeng | ||
| 080 | _a398.34 LE | ||
| 245 | _aLe Betel : Inde et Asie du Sub - Est | ||
| 260 |
_b _c1969 |
||
| 300 | _b304p,pl, 30 cm | ||
| 942 | _cBK | ||
| 999 |
_c107802 _d107802 |
||